LEADER 03342nam 22005295 450 001 9910148636503321 005 20230808200207.0 024 7 $a10.12987/9780300224542 035 $a(CKB)3710000000918294 035 $a(MiAaPQ)EBC4728129 035 $a(DE-B1597)540480 035 $a(DE-B1597)9780300224542 035 $a(OCoLC)961457406 035 $a(EXLCZ)993710000000918294 100 $a20200229h20162016 fg 101 0 $aeng 135 $aurcnu|||||||| 181 $2rdacontent 182 $2rdamedia 183 $2rdacarrier 200 14$aThe Némirovsky Question $eThe Life, Death, and Legacy of a Jewish Writer in Twentieth-Century France /$fSusan Rubin Suleiman 210 1$aNew Haven, CT : $cYale University Press, $d[2016] 210 4$d©2016 215 $a1 online resource (380 pages) 311 $a0-300-17196-X 311 $a0-300-22454-0 320 $aIncludes bibliographical references and index. 327 $tFrontmatter -- $tContents -- $tNote on Translations and Citations -- $tIntroduction: A Writer Reborn...and Debated -- $tPart I. Irène -- $t1. The "Jewish Question" -- $t2. Némirovsky's Choices, 1920-1939 -- $t3. Choices and Choicelessness, 1939-1942 -- $tPart II. Fictions -- $t4. Foreigners and Strangers: Némirovsky's Jewish Protagonists -- $t5. Portraits of the Artist as a Young Jewish Woman -- $tPart III. Denise and Elisabeth -- $t6. Orphans of the Holocaust: Two Lives -- $t7. Gifts of Life: A Mother and Her Daughters -- $tNotes -- $tBibliography and Sources -- $tAcknowledgments -- $tIndex 330 $aA fascinating look into the life and work of controversial French novelist Irène Némirovsky Irène Némirovsky succeeded in creating a brilliant career as a novelist in the 1930s, only to have her life cut short: a "foreign Jew" in France, she was deported in 1942 and died in Auschwitz. But her two young daughters survived, and as adults they brought their mother back to life. In 2004, Suite française, Némirovsky's posthumous novel, became an international best seller; some critics, however, condemned her as a "self-hating Jew" whose earlier works were rife with anti-Semitic stereotypes. Informed by personal interviews with Némirovsky's descendants and others, as well as by extensive archival research, this wide-ranging intellectual biography situates Némirovsky in the literary and political climate of interwar France and recounts, for the first time, the postwar lives of her daughters. Némirovsky's Jewish works, Suleiman argues, should be read as explorations of the conflicted identities that shaped the lives of secular Jews in twentieth-century Europe and beyond. 606 $aJewish women$zFrance$vBiography 606 $aJews$zFrance$vBiography 606 $aNovelists, French$y20th century$vBiography 606 $aBIOGRAPHY & AUTOBIOGRAPHY / Literary$2bisacsh 607 $aFrance$2fast 615 0$aJewish women 615 0$aJews 615 0$aNovelists, French 615 7$aBIOGRAPHY & AUTOBIOGRAPHY / Literary. 676 $a843/.912 676 $aB 700 $aSuleiman$b Susan Rubin, $4aut$4http://id.loc.gov/vocabulary/relators/aut$0606818 801 0$bDE-B1597 801 1$bDE-B1597 906 $aBOOK 912 $a9910148636503321 996 $aThe Némirovsky Question$92895749 997 $aUNINA LEADER 03546oam 2200853 n 450 001 9910495713403321 005 20231013234944.0 010 $a2-37747-200-1 024 7 $a10.4000/books.ugaeditions.12292 035 $a(CKB)4100000011314402 035 $a(FrMaCLE)OB-ugaeditions-12292 035 $a(PPN)24849984X 035 $a(oapen)doab113706 035 $a(EXLCZ)994100000011314402 100 $a20200625d2020|||| ||| 0 101 0 $afre 135 $aur||||||m|||| 181 $ctxt$2rdacontent 182 $cc$2rdamedia 183 $acr$2rdacarrier 200 00$aGenre et orientalisme$eRécits de voyage au féminin en langue française (XIXe-XXe siècles)$fNatascha Ueckmann 210 $aGrenoble$cUGA Éditions$d2020 215 $a1 online resource (444 p.) 225 1 $aVers l'Orient 311 08$a2-37747-160-9 330 $aCe livre présente les récits de nombreuses voyageuses d?expression française en Orient aux XIXe et XXe siècles, certaines bien connues du public, d?autres totalement oubliées. Leurs récits sont examinés à travers deux paradigmes principaux, celui du désert (espace ouvert) et celui du harem (espace fermé), le premier semblant peu à peu remplacer le second. Natascha Ueckmann met en lumière les particularités du regard féminin sur l?Orient et observe les attitudes des voyageuses d?un point de vue résolument féministe. Le féminisme est ici utilisé comme instrument d?analyse littéraire, mais sans aucune forme de complaisance à l?égard des préjugés des voyageuses et de leur attitude parfois coloniale à l?égard des Orientaux et des Orientales. Sans nier le désir d?autonomie et de découverte de l?altérité des voyageuses, Natascha Ueckmann dessine ainsi les contours d?un orientalisme au féminin qu?elle examine avec les instruments des études de genre et des études postcoloniales. Elle cherche à mettre en évidence la façon dont les femmes européennes s?inventent elles-mêmes en se situant dans un champ de tension entre désir de découverte de l?ailleurs et volonté de confirmer leurs idées préconçues. Un ouvrage résolument actuel sur les questions de féminisme et sur la notion d?orientalisme. 606 $aHistory 606 $aLiterature 606 $aEthnic Studies 606 $aWomen's Studies 606 $aaltérité 606 $acolonialisme 606 $adésert 606 $aféminisme 606 $aexplorateur 606 $agenre 606 $avoyage en Orient 606 $avoyageuse 606 $aharem 606 $aIslam 606 $aorientalisme 610 $aaltérité 610 $acolonialisme 610 $adésert 610 $aexplorateur 610 $aféminisme 610 $agenre 610 $aharem 610 $aIslam 610 $aorientalisme 610 $avoyage en Orient 610 $avoyageuse 615 4$aHistory 615 4$aLiterature 615 4$aEthnic Studies 615 4$aWomen's Studies 615 4$aaltérité 615 4$acolonialisme 615 4$adésert 615 4$aféminisme 615 4$aexplorateur 615 4$agenre 615 4$avoyage en Orient 615 4$avoyageuse 615 4$aharem 615 4$aIslam 615 4$aorientalisme 700 $aUeckmann$b Natascha$01430584 701 $aAntonowicz$b Kaja$01430585 801 0$bFR-FrMaCLE 906 $aBOOK 912 $a9910495713403321 996 $aGenre et orientalisme$93570352 997 $aUNINA